000 01224nam a22001697a 4500
003 OSt
005 20231227085831.0
008 231227s2007 ag ||||| |||| 00| 0 spa d
020 _a9789705801761
040 _cbesoc
100 _aGilbert, Elizabeth
_eautor
245 _aComer Rezar Amar
_cElizabeth Gilbert
260 _aMexico:
_bSantillana
_c2007
300 _a350 p.
520 _aDespués de un divorcio traumático, seguido de un desengaño amoroso y en plena crisis emocional y espiritual, Elizabeth Gilbert decide empezar de nuevo y emprender un largo viaje que la llevara sucesivamente a Italia, La India e Indonesia, tres escalas geográficas que se corresponden con otras tantas etapas de búsqueda interior. Este libro es la bitácora de esa doble travesía, en la que la autora descubrirá el el placer sensual de la buena mesa y la buena conversación (la dolce vita romana), la paz interior alcanzada mediante la meditación en Bombay y, por fin, el deseado equilibrio entre cuerpo y espíritu en Bali. Lucida y valiente novela autobiografía, Comer, Rezar, Amar trata de lo que ocurre cuando decidimos ser artífices de nuestra felicidad y dejamos de vivir según los modelos impuestos.
942 _2udc
_cLPD
_n0
999 _c177
_d177